| 000 | 00510nam a2200181Ia 4500 | ||
|---|---|---|---|
| 003 | IN-BaIIA | ||
| 008 | 211028s9999 xx 000 0 eng d | ||
| 040 | _cIIA Library | ||
| 080 |
_a524.83 _bNOR |
||
| 100 |
_aNorth, J. D _97554 |
||
| 245 | 4 |
_aThe Measure of the universe _ba history of modern cosmology _cJ. D. North |
|
| 260 |
_aOxford _bClarendon Press _c1965 |
||
| 300 | _axxviii, 436p. | ||
| 650 | _aAstronomy and astrophysics thesaurus | ||
| 650 | _aCosmology | ||
| 650 |
_aUniverse _91987 |
||
| 942 | _cBK | ||
| 999 |
_c4297 _d4297 |
||